International economics (Record no. 1430713)
[ view plain ]
| 000 -LEADER | |
|---|---|
| fixed length control field | 01548nam a2200253Ia 4500 |
| 005 - DATE AND TIME OF LATEST TRANSACTION | |
| control field | 20250605123322.0 |
| 008 - FIXED-LENGTH DATA ELEMENTS--GENERAL INFORMATION | |
| fixed length control field | 008 250516s9999 xx 000 0 eng d |
| 020 ## - INTERNATIONAL STANDARD BOOK NUMBER | |
| International Standard Book Number | 9781319383435 |
| 040 ## - CATALOGING SOURCE | |
| Original cataloging agency | SDCL |
| Language of cataloging | eng |
| Transcribing agency | SDCL |
| 041 ## - LANGUAGE CODE | |
| Language code of text/sound track or separate title | eng |
| Source of code | eng |
| 084 ## - COLON CLASSIFICATION NUMBER | |
| Classification number | X:54 R1 |
| Assigning agency | SDCL |
| 100 ## - MAIN ENTRY--PERSONAL NAME | |
| Personal name | Feenstra, Robert C. |
| 245 #0 - TITLE STATEMENT | |
| Title | International economics |
| 250 ## - EDITION STATEMENT | |
| Edition statement | 5th ed. |
| 260 ## - PUBLICATION, DISTRIBUTION, ETC. | |
| Place of publication, distribution, etc. | New York : |
| Name of publisher, distributor, etc. | Worth Publishers, |
| Date of publication, distribution, etc. | 2021. |
| 300 ## - PHYSICAL DESCRIPTION | |
| Extent | xxiii, 806p.+V.P |
| 365 ## - TRADE PRICE | |
| Price type code | UKP |
| Price amount | 74.99 |
| 520 ## - SUMMARY, ETC. | |
| Summary, etc. | Developed in the classroom by two of the most prominent researchers in the field, Robert C Feenstra and Alan M Taylor’s International Macroeconomics 4e is a modern textbook for a modern audience. The new edition provides new material and examples rigorous enough to meet the challenges of teaching in this fast-moving area, yet approachable enough to encourage learning.<br/>Applications, integrated throughout, use real-world policies, events and evidence, and help students connect theory to real world policy and events. Many topics covered reflect recent applied research and data as well as shedding new light on existing theories—sometimes supporting them, sometimes refuting them. Headlines, also show how topics in the main text relate directly to media coverage of the global economy. |
| 650 ## - SUBJECT ADDED ENTRY--TOPICAL TERM | |
| Topical term or geographic name entry element | Business & Economics / International / Economics & Trade |
| 9 (RLIN) | 811761 |
| 650 ## - SUBJECT ADDED ENTRY--TOPICAL TERM | |
| Topical term or geographic name entry element | Business & Economics / International / General |
| 9 (RLIN) | 811908 |
| 650 ## - SUBJECT ADDED ENTRY--TOPICAL TERM | |
| Topical term or geographic name entry element | International economic relations |
| 700 ## - ADDED ENTRY--PERSONAL NAME | |
| Personal name | Taylor, Alan M. |
| 942 ## - ADDED ENTRY ELEMENTS (KOHA) | |
| Koha item type | Textual |
| Source of classification or shelving scheme | Colon Classification (CC) |
| Suppress in OPAC | No |
| Withdrawn status | Lost status | Source of classification or shelving scheme | Damaged status | Not for loan | Home library | Current library | Date acquired | Source of acquisition | Inventory number | Total Checkouts | Full call number | Barcode | Date last seen | Price effective from | Koha item type |
|---|---|---|---|---|---|---|---|---|---|---|---|---|---|---|---|
| Colon Classification (CC) | South Campus Library | South Campus Library | 2025-05-22 | Pioneer Book Distributor | 72, 27/12/2024 | X:54 R1 | SC1690857 | 2025-05-22 | 2025-05-22 | Textual |
